000
00320 a2200157 4500
001
164569
020
_a
040
_c
Magnum
100
_a
Marceau, Claude
240
1
0
_a
Menino-sem-alma
_l
por
245
1
0
_a
Menino-sem-alma
362
0
_a
1899
440
1
_a
Ática
697
_a
J/SOCIEDADE, COTIDIANO
942
_c
BK
999
_c
164569
_d
164569